[Event "Belgrade Trophy 27th"]
[Site "Obrenovac"]
[Date "2013.12.01"]
[Round "8"]
[White "Andrijevic, Milan"]
[Black "Ninov, Dayan"]
[Result "1/2-1/2"]
[WhiteElo "2342"]
[BlackElo "2219"]
[PlyCount "101"]
[EventDate "2013.11.24"]
[EventType "swiss"]
[EventRounds "9"]
[EventCountry "SRB"]
[SourceTitle "OM OTB B 201907"]
[Source "Opening Master"]
[SourceDate "2019.07.06"]
[SourceVersion "2"]
[SourceVersionDate "2019.07.06"]
[SourceQuality "1"]

1. e4 c5 2. Nf3 d6 3. d4 cxd4 4. Nxd4 Nf6 5. Nc3 Nc6 6. Be2 e5 7. Nb3 Be7 8.
O-O O-O 9. Be3 Be6 10. Bf3 a5 11. Nd5 a4 12. Bb6 Qd7 13. Nd2 Bxd5 14. exd5 Nb4
15. c4 Qf5 16. a3 Nd3 17. Rb1 Rfe8 18. Qc2 Qg6 19. Ne4 Nxe4 20. Qxd3 Ng5 21.
Be2 f5 22. h4 e4 23. Qg3 Nf7 24. Qxg6 hxg6 25. g3 Ne5 26. b4 axb3 27. Rxb3 Rec8
28. Rc1 Nd7 29. Be3 b6 30. Bxb6 Nxb6 31. Rxb6 Rxa3 32. c5 dxc5 33. d6 Bf6 34.
Bb5 Kh7 35. d7 Rd8 36. Re6 Ra5 37. Bc6 Ra1 38. Rxa1 Bxa1 39. g4 fxg4 40. Rxe4
Bf6 41. Rxg4 Kh6 42. Re4 g5 43. hxg5+ Kxg5 44. f3 Rb8 45. Kf2 Rb2+ 46. Kg3 Rd2
47. Re8 Kg6 48. Bb5 c4 49. d8=Q Rxd8 50. Rxd8 Bxd8 51. Bxc4 1/2-1/2

[Event "OP-03146"]
[Site "LSS"]
[Date "2013.11.28"]
[Round "?"]
[White "Couspeyre, Thierry"]
[Black "Winkler, Matthias"]
[Result "1-0"]
[WhiteElo "1281"]
[BlackElo "1745"]
[PlyCount "39"]
[EventDate "2013.11.26"]
[SourceTitle "LSS to Dec2020"]
[Source "LSS ed TH"]
[SourceDate "2021.01.12"]
[SourceVersion "3"]
[SourceVersionDate "2021.01.12"]
[SourceQuality "1"]

1. e4 c5 2. Nf3 d6 3. d4 cxd4 4. Nxd4 Nf6 5. Nc3 Nc6 6. Be2 e5 7. Nxc6 bxc6 8.
O-O Be7 9. Be3 O-O 10. f4 Qc7 11. a3 Rd8 12. Kh1 d5 13. fxe5 dxe4 14. Qe1 Qxe5
15. Bf4 Qe6 16. Qg3 Bb7 17. Be5 Bd6 18. Bxd6 Qxd6 19. Qf2 Qe5 20. Rae1 1-0

[Event "Legnica Voivoda Cup 29th"]
[Site "Legnica"]
[Date "2013.11.27"]
[Round "9"]
[White "Dastan, Batuhan Muhammed"]
[Black "Agopov, Mikael"]
[Result "1-0"]
[WhiteElo "2410"]
[BlackElo "2435"]
[PlyCount "55"]
[EventDate "2013.11.21"]
[EventType "tourn"]
[EventRounds "9"]
[EventCountry "POL"]
[EventCategory "8"]
[SourceTitle "OM OTB B 201907"]
[Source "Opening Master"]
[SourceDate "2019.07.06"]
[SourceVersion "2"]
[SourceVersionDate "2019.07.06"]
[SourceQuality "1"]

1. e4 c5 2. Nf3 d6 3. d4 cxd4 4. Nxd4 Nf6 5. Nc3 Nc6 6. Be2 e5 7. Nb3 Be7 8.
O-O O-O 9. Kh1 a5 10. Be3 a4 11. Nd2 a3 12. b3 Nd4 13. Bd3 Bg4 14. f3 Be6 15.
f4 Qa5 16. Ncb1 Bg4 17. Qe1 b5 18. fxe5 dxe5 19. Bxd4 exd4 20. e5 Rfe8 21. exf6
Bxf6 22. Ne4 Qxe1 23. Rxe1 Bh4 24. Rf1 Re6 25. Nbd2 f5 26. Ng3 Re5 27. Nxf5 Bg5
28. Nf3 1-0

[Event "MVP-ch Seniors op 13th"]
[Site "Binz"]
[Date "2013.11.27"]
[Round "1"]
[White "Schulz, Hermann"]
[Black "Gebuhr, Guenter"]
[Result "0-1"]
[WhiteElo "1410"]
[BlackElo "1796"]
[PlyCount "58"]
[EventDate "2013.11.27"]
[EventType "swiss"]
[EventRounds "9"]
[EventCountry "GER"]
[SourceTitle "OM OTB B 201907"]
[Source "Opening Master"]
[SourceDate "2019.07.06"]
[SourceVersion "2"]
[SourceVersionDate "2019.07.06"]
[SourceQuality "1"]

1. e4 c5 2. Nf3 Nc6 3. d4 cxd4 4. Nxd4 Nf6 5. Nc3 d6 6. Be2 e5 7. Nf3 Be7 8. h3
Be6 9. Be3 d5 10. exd5 Nxd5 11. Nxd5 Qxd5 12. O-O O-O 13. Qxd5 Bxd5 14. Rfd1
Rfd8 15. a3 h6 16. b4 Bf6 17. c3 e4 18. Nd4 Ne5 19. Rac1 Rac8 20. Rd2 a6 21. a4
Bc4 22. Kf1 Bxe2+ 23. Kxe2 Nc4 24. Rdc2 Nxe3 25. fxe3 Rc4 26. Rf1 Bxd4 27. exd4
Rdxd4 28. Rd1 Rxd1 29. Kxd1 f5 0-1

[Event "Saint Louis IM"]
[Site "Saint Louis"]
[Date "2013.11.26"]
[Round "7"]
[White "Nemcova, Katerina"]
[Black "Liang, Awonder"]
[Result "1/2-1/2"]
[WhiteElo "2296"]
[BlackElo "2247"]
[PlyCount "158"]
[EventDate "2013.11.21"]
[EventType "tourn"]
[EventRounds "9"]
[EventCountry "USA"]
[EventCategory "3"]
[SourceTitle "OM OTB B 201907"]
[Source "Opening Master"]
[SourceDate "2019.07.06"]
[SourceVersion "2"]
[SourceVersionDate "2019.07.06"]
[SourceQuality "1"]

1. e4 c5 2. Nf3 Nc6 3. d4 cxd4 4. Nxd4 Nf6 5. Nc3 d6 6. Be2 e5 7. Nb3 Be7 8.
Be3 O-O 9. g4 Be6 10. g5 Nd7 11. Qd2 a5 12. Rd1 a4 13. Nc1 a3 14. b3 Nd4 15.
Nb5 Nc5 16. Nxd4 exd4 17. Qxd4 Bxg5 18. Nd3 Bf6 19. Qb4 Nxd3+ 20. Rxd3 Qc8 21.
c4 Qc6 22. Bf3 Be5 23. Ke2 Qc8 24. Bd4 Bg4 25. Bxe5 dxe5 26. Rg1 Bxf3+ 27. Rxf3
Qc6 28. Re3 Rad8 29. Qe7 Rfe8 30. Qg5 g6 31. Rg4 Qd7 32. Kf3 Qd2 33. Rh4 h5 34.
Kg2 Rd3 35. Rhh3 Rxe3 36. Qxe3 Rd8 37. Qb6 Rd7 38. Qb5 Qd4 39. Re3 Kg7 40. h3
Qd6 41. Qa5 b6 42. Qc3 f6 43. b4 Qc6 44. c5 bxc5 45. bxc5 Rc7 46. Qxa3 Qxc5 47.
Qb3 Qc6 48. a3 Rb7 49. Qd3 Qc1 50. Qd6 Qc4 51. Rf3 Rf7 52. Re3 h4 53. Qb4 Qa6
54. Rc3 Rb7 55. Qc4 Qxc4 56. Rxc4 Rb3 57. Ra4 Kh6 58. Ra6 Kg5 59. a4 Ra3 60. a5
f5 61. exf5 gxf5 62. Ra8 e4 63. a6 Kf4 64. a7 Ra2 65. Kg1 Ra6 66. Kh2 Ra3 67.
Kg2 Ra1 68. Kh2 Ra6 69. Kh1 Kf3 70. Rf8 Rxa7 71. Rxf5+ Ke2 72. Rf4 Re7 73. Kg2
e3 74. fxe3 Kxe3 75. Rxh4 Rg7+ 76. Kh2 Kf3 77. Ra4 Rg2+ 78. Kh1 Rb2 79. Ra3+
Kf4 1/2-1/2

[Event "Dallas UTD-B"]
[Site "Dallas"]
[Date "2013.11.24"]
[Round "6"]
[White "Getz, Alec S"]
[Black "Calugar, Arthur"]
[Result "1/2-1/2"]
[WhiteElo "2344"]
[BlackElo "2334"]
[PlyCount "124"]
[EventDate "2013.11.21"]
[EventType "tourn"]
[EventRounds "9"]
[EventCountry "USA"]
[EventCategory "2"]
[SourceTitle "OM OTB B 201907"]
[Source "Opening Master"]
[SourceDate "2019.07.06"]
[SourceVersion "2"]
[SourceVersionDate "2019.07.06"]
[SourceQuality "1"]

1. e4 c5 2. Nf3 d6 3. d4 cxd4 4. Nxd4 Nf6 5. Nc3 Nc6 6. Be2 e5 7. Nf3 Be7 8.
O-O O-O 9. Bg5 Be6 10. Bxf6 gxf6 11. Nh4 Nd4 12. Bg4 Qd7 13. h3 Kh8 14. Nd5 Rg8
15. Bf5 Bd8 16. Ne3 Bb6 17. c3 Nxf5 18. Nhxf5 Bxe3 19. fxe3 d5 20. Qd3 Rg5 21.
Kh2 Rag8 22. Rf2 Bxf5 23. exf5 e4 24. Qd4 Rxf5 25. Raf1 Qd6+ 26. Rf4 Rfg5 27.
R1f2 Rg3 28. Kh1 Qe5 29. Rxf6 Qxd4 30. exd4 Rd3 31. Kh2 e3 32. Re2 Kg7 33. Rf5
Rd2 34. Rxd2 exd2 35. Rf1 Re8 36. Rd1 Re2 37. Kg3 Re3+ 38. Kf2 Rd3 39. Ke2 Rg3
40. Kf2 Rd3 41. Ke2 Rg3 42. Rg1 f5 43. Kxd2 Kf6 44. Ke2 h5 45. Kf2 Rd3 46. Re1
h4 47. Re3 Rd2+ 48. Re2 Rd3 49. Ke1 Rg3 50. Rf2 Kg5 51. Rd2 f4 52. Kf2 f3 53.
Rd3 Rxg2+ 54. Kxf3 Rxb2 55. Re3 Rc2 56. Re5+ Kf6 57. Rxd5 Rxc3+ 58. Kg4 Ra3 59.
Rf5+ Kg6 60. Rg5+ Kf6 61. Rf5+ Kg6 62. Rg5+ Kf6 1/2-1/2

[Event "SVK-chT2C 1314"]
[Site "Slovakia"]
[Date "2013.11.24"]
[Round "4.5"]
[White "Pitek, Lubomir"]
[Black "Ondras, Juraj"]
[Result "0-1"]
[WhiteElo "1865"]
[BlackElo "2007"]
[PlyCount "72"]
[EventDate "2013.10.19"]
[EventType "team-tourn"]
[EventRounds "11"]
[EventCountry "SVK"]
[SourceTitle "OM OTB B 201907"]
[Source "Opening Master"]
[SourceDate "2019.07.06"]
[SourceVersion "2"]
[SourceVersionDate "2019.07.06"]
[SourceQuality "1"]

1. e4 c5 2. Nf3 d6 3. d4 cxd4 4. Nxd4 Nf6 5. Nc3 Nc6 6. Be2 e5 7. Nf3 Be7 8.
O-O O-O 9. Bg5 Be6 10. Bxf6 Bxf6 11. Nd5 Be7 12. c4 f5 13. Nd2 Nd4 14. f3 Bxd5
15. cxd5 Qb6 16. Kh1 Qxb2 17. Rb1 Qxa2 18. Bc4 Qc2 19. Rxb7 Bg5 20. Qxc2 Nxc2
21. Bb3 Nd4 22. Nc4 fxe4 23. Nxd6 e3 24. Ne4 e2 25. Re1 Bd8 26. d6+ Kh8 27. Bc4
Ba5 28. Rxe2 Nxe2 29. Bxe2 Rab8 30. Nc5 Rxb7 31. Nxb7 Rb8 32. Ba6 Kg8 33. h3
Bd8 34. Kg1 Kf7 35. Bc4+ Kf6 36. Ba6 Ke6 0-1

[Event "SVK-chT2C 1314"]
[Site "Slovakia"]
[Date "2013.11.24"]
[Round "4.3"]
[White "Kopera, Michal"]
[Black "Csolto, Tibor Jr"]
[Result "1-0"]
[WhiteElo "2087"]
[BlackElo "2198"]
[PlyCount "85"]
[EventDate "2013.10.19"]
[EventType "team-tourn"]
[EventRounds "11"]
[EventCountry "SVK"]
[SourceTitle "OM OTB B 201907"]
[Source "Opening Master"]
[SourceDate "2019.07.06"]
[SourceVersion "2"]
[SourceVersionDate "2019.07.06"]
[SourceQuality "1"]

1. e4 c5 2. Nf3 Nc6 3. d4 cxd4 4. Nxd4 Nf6 5. Nc3 d6 6. Be2 e5 7. Nb3 Be7 8.
Bg5 Be6 9. Qd2 a5 10. Rd1 a4 11. Nc1 Qb6 12. b3 axb3 13. axb3 O-O 14. O-O Nd4
15. Be3 Rac8 16. Bd3 d5 17. Nxd5 Bxd5 18. exd5 Nxd5 19. Bxd4 exd4 20. Bf5 Rc5
21. Qxd4 Bf6 22. Qg4 g6 23. Bd3 Nb4 24. c4 Rd8 25. Be4 Nc6 26. Rxd8+ Nxd8 27.
Qf3 Rc7 28. Rd1 Kg7 29. Bd5 Ne6 30. Bxe6 Qxe6 31. Nd3 Re7 32. g3 Rd7 33. Nf4
Rxd1+ 34. Qxd1 Qe4 35. Qd3 Qe1+ 36. Kg2 Be5 37. Nd5 Qa1 38. Qc2 h5 39. h4 Qd4
40. Ne3 Bxg3 41. Kxg3 f5 42. Qxf5 Qxe3+ 43. fxe3 1-0

[Event "BL2-Sued 1314"]
[Site "Germany"]
[Date "2013.11.24"]
[Round "3.6"]
[White "Grewenig, Jan"]
[Black "Hirneise, Jens"]
[Result "1/2-1/2"]
[WhiteElo "2029"]
[BlackElo "2280"]
[PlyCount "107"]
[EventDate "2013.10.13"]
[EventType "team-tourn"]
[EventRounds "9"]
[EventCountry "GER"]
[SourceTitle "OM OTB B 201907"]
[Source "Opening Master"]
[SourceDate "2019.07.06"]
[SourceVersion "2"]
[SourceVersionDate "2019.07.06"]
[SourceQuality "1"]

1. e4 c5 2. Nf3 Nc6 3. d4 cxd4 4. Nxd4 Nf6 5. Nc3 d6 6. Be2 e5 7. Nb3 Be7 8.
O-O a5 9. Bg5 O-O 10. Bxf6 Bxf6 11. Nd2 Nd4 12. Nd5 Be6 13. c3 Nxe2+ 14. Qxe2
Bg5 15. Ne3 Qb6 16. Ndc4 Qa6 17. Rfe1 Rac8 18. Nd2 Qb6 19. Ndf1 g6 20. Red1 Rc5
21. Rd2 Qc6 22. Rad1 Rd8 23. Nd5 Kg7 24. Rd3 Qa6 25. Qf3 Bxd5 26. Rxd5 Qc4 27.
Rxc5 dxc5 28. b3 Qe6 29. Rxd8 Bxd8 30. Qd3 Bg5 31. c4 Bc1 32. Ng3 b6 33. Qc2
Bf4 34. Ne2 Qd6 35. g3 Bg5 36. Kg2 Bf6 37. Kf1 h5 38. Nc3 Bd8 39. Qd1 Qd4 40.
Qxd4 exd4 41. Nd5 Kf8 42. Ke2 Ke8 43. a4 Kd7 44. f4 Ke6 45. e5 Kf5 46. Kf3 g5
47. fxg5 Bxg5 48. Nxb6 Kxe5 49. Nd7+ Kd6 50. Nb6 f5 51. Nd5 Ke5 52. Nf4 Bxf4
53. gxf4+ Kd6 54. h4 1/2-1/2

[Event "Belgrade Trophy 27th"]
[Site "Obrenovac"]
[Date "2013.11.24"]
[Round "1"]
[White "Ilic, Slobodan R"]
[Black "Stojanovic, Dalibor"]
[Result "0-1"]
[WhiteElo "2073"]
[BlackElo "2508"]
[PlyCount "104"]
[EventDate "2013.11.24"]
[EventType "swiss"]
[EventRounds "9"]
[EventCountry "SRB"]
[SourceTitle "OM OTB B 201907"]
[Source "Opening Master"]
[SourceDate "2019.07.06"]
[SourceVersion "2"]
[SourceVersionDate "2019.07.06"]
[SourceQuality "1"]

1. e4 c5 2. Nf3 Nc6 3. d4 cxd4 4. Nxd4 Nf6 5. Nc3 d6 6. Be2 e5 7. Nb3 Be7 8.
Be3 O-O 9. f3 a5 10. Bb5 Na7 11. a4 Nxb5 12. axb5 Be6 13. Ra4 Nh5 14. Nd5 Bg5
15. Bxg5 Qxg5 16. Qd2 Qd8 17. g3 Bxd5 18. exd5 Qd7 19. c4 b6 20. O-O Rae8 21.
Qf2 Qc7 22. Nd2 f5 23. Raa1 Nf6 24. Rae1 Nd7 25. f4 Nc5 26. Qe3 e4 27. Re2 a4
28. Ra1 Ra8 29. Qc3 g6 30. Kg2 Rfc8 31. h4 Qg7 32. Ra3 Nd3 33. Nf1 Ra7 34. Ne3
Qxc3 35. bxc3 Kf7 36. Rea2 Nc5 37. Kf1 Kf6 38. Rh2 h6 39. Ke2 Rcc7 40. Kf1 Rh7
41. Kg1 Nd3 42. Rha2 g5 43. fxg5+ hxg5 44. hxg5+ Kxg5 45. Rxa4 Rxa4 46. Rxa4 f4
47. gxf4+ Kxf4 48. Ng2+ Kf3 49. Ra8 e3 50. Rf8+ Ke4 51. Re8+ Ne5 52. c5 bxc5
0-1

[Event "Novokuznetsk-ch"]
[Site "Novokuznetsk"]
[Date "2013.11.17"]
[Round "1"]
[White "Bychkov, Alexandr Alexey"]
[Black "Fayzullin, Ruslan"]
[Result "0-1"]
[WhiteElo "2113"]
[BlackElo "1916"]
[PlyCount "78"]
[EventDate "2013.11.17"]
[EventType "swiss"]
[EventRounds "9"]
[EventCountry "RUS"]
[SourceTitle "OM OTB B 201907"]
[Source "Opening Master"]
[SourceDate "2019.07.06"]
[SourceVersion "2"]
[SourceVersionDate "2019.07.06"]
[SourceQuality "1"]

1. e4 c5 2. Nf3 Nc6 3. d4 cxd4 4. Nxd4 Nf6 5. Nc3 d6 6. Be2 e5 7. Nb3 Be7 8.
Be3 Be6 9. Bf3 a5 10. O-O O-O 11. Qe2 a4 12. Nd2 d5 13. exd5 Nxd5 14. Nxd5 Bxd5
15. Rfd1 Qa5 16. Bxd5 Qxd5 17. Nf3 Qe6 18. Qb5 Ra5 19. Qb6 Qc8 20. c3 Bd8 21.
Rxd8 Rxd8 22. Re1 Rdd5 23. c4 Rd3 24. Bd2 Ra8 25. Bc3 f6 26. c5 Qd7 27. Qb5 a3
28. h3 Rd8 29. Qb3+ Qd5 30. Qxa3 e4 31. Nh2 Rd1 32. Qb3 Rxe1+ 33. Bxe1 Qxb3 34.
axb3 Rd1 35. Kf1 Rc1 36. Ng4 Rxc5 37. Bc3 Kf7 38. Ke2 Rb5 39. b4 Nxb4 0-1

[Event "Leuven op 25th"]
[Site "Leuven"]
[Date "2013.11.11"]
[Round "6"]
[White "Reynaert, Igor"]
[Black "Capone, Nicola"]
[Result "0-1"]
[WhiteElo "1990"]
[BlackElo "2170"]
[PlyCount "56"]
[EventDate "2013.11.08"]
[EventType "swiss"]
[EventRounds "7"]
[EventCountry "BEL"]
[SourceTitle "OM OTB B 201907"]
[Source "Opening Master"]
[SourceDate "2019.07.06"]
[SourceVersion "2"]
[SourceVersionDate "2019.07.06"]
[SourceQuality "1"]

1. e4 c5 2. Nf3 d6 3. d4 cxd4 4. Nxd4 Nf6 5. Nc3 Nc6 6. Be2 e5 7. Nb3 Be7 8.
Be3 O-O 9. g4 Be6 10. g5 Nd7 11. h4 a6 12. Qd2 b5 13. h5 Nc5 14. g6 b4 15.
gxh7+ Kh8 16. h6 g6 17. Nd5 Nxe4 18. Qd3 Bf5 19. Bb6 Qd7 20. Qc4 Rfc8 21. Rd1
Nd4 22. Bc7 Ne6 23. Bf3 Nxc7 24. Bxe4 Bxe4 25. Nxc7 Qxc7 26. Qxf7 Bg5 27. Qc4
Be7 28. Qxe4 Qxc2 0-1

[Event "Oberliga Nord O 1314"]
[Site "Germany"]
[Date "2013.11.10"]
[Round "2.2"]
[White "Schoewel, Matthias"]
[Black "Gyorkos, Lajos"]
[Result "0-1"]
[WhiteElo "2228"]
[BlackElo "2373"]
[PlyCount "74"]
[EventDate "2013.10.13"]
[EventType "team-tourn"]
[EventRounds "9"]
[EventCountry "GER"]
[SourceTitle "OM OTB B 201907"]
[Source "Opening Master"]
[SourceDate "2019.07.06"]
[SourceVersion "2"]
[SourceVersionDate "2019.07.06"]
[SourceQuality "1"]

1. e4 c5 2. Nf3 Nc6 3. Nc3 d6 4. Be2 Nf6 5. d4 cxd4 6. Nxd4 e5 7. Nxc6 bxc6 8.
O-O Be7 9. Bc4 O-O 10. h3 Be6 11. Bxe6 fxe6 12. Qe2 Qe8 13. Bg5 Nd7 14. Bxe7
Qxe7 15. Rad1 d5 16. Rd3 Rf4 17. Rg3 Raf8 18. exd5 exd5 19. Qa6 Nb8 20. Qe2 Qc7
21. Nd1 Nd7 22. Re1 e4 23. Rc3 Nb6 24. Qa6 R4f7 25. a4 Rf6 26. a5 Nd7 27. Ne3
Nb8 28. Qb5 Rxf2 29. Qxd5+ cxd5 30. Rxc7 d4 31. Ng4 e3 32. Rc4 Rd2 33. Nxe3 Re8
34. Rc7 dxe3 35. Rxa7 Nc6 36. Rc7 Nd4 37. a6 e2 0-1

[Event "FICS rated standard game"]
[Site "FICS freechess.org"]
[Date "2013.11.10"]
[Round "?"]
[White "kopyor"]
[Black "fxymkdani"]
[Result "0-1"]
[WhiteElo "2041"]
[BlackElo "2124"]
[PlyCount "60"]
[EventDate "2013.??.??"]

1. e4 c5 2. Nf3 Nc6 3. d4 cxd4 4. Nxd4 Nf6 5. Nc3 d6 6. Be2 e5 7. Nb3 Be7 8.
O-O O-O 9. Be3 a5 10. a3 Be6 11. Nd2 d5 12. exd5 Nxd5 13. Nxd5 Qxd5 14. Bc4 Qd7
15. Bxe6 Qxe6 16. Qe2 Rfd8 17. Rad1 a4 18. f3 Nd4 19. Bxd4 Rxd4 20. c3 Rdd8 21.
Qb5 Rd5 22. Qe2 Qb6+ 23. Kh1 Qxb2 24. c4 Rd7 25. Qe3 Rad8 26. Rf2 Qc2 27. Re1
Rxd2 28. Rxd2 Rxd2 29. Qxe5 Bxa3 30. Qg3 Bf8 0-1

[Event "FICS rated standard game"]
[Site "FICS freechess.org"]
[Date "2013.11.05"]
[Round "?"]
[White "zhengqjf"]
[Black "GriffySr"]
[Result "1-0"]
[WhiteElo "2252"]
[BlackElo "2155"]
[PlyCount "63"]
[EventDate "2013.??.??"]

1. e4 c5 2. Nf3 Nc6 3. d4 cxd4 4. Nxd4 Nf6 5. Nc3 d6 6. Be2 e5 7. Nb3 Be7 8.
O-O O-O 9. f4 a5 10. a4 Nb4 11. Kh1 b6 12. Be3 Qc7 13. Qd2 Ng4 14. Bg1 Nf6 15.
Rac1 Bb7 16. Qe3 Rfc8 17. Bf3 Ra6 18. Rfd1 exf4 19. Qxf4 Qd8 20. Qg3 Qd7 21. e5
Ne8 22. Bg4 Qc6 23. Bxc8 Bxc8 24. Nd4 Qc4 25. b3 Qc7 26. Ndb5 Qd7 27. Nxd6 Nxd6
28. exd6 Bf8 29. Nd5 Qxd6 30. Qxd6 Bxd6 31. Nxb6 Rxb6 32. Bxb6 1-0

[Event "Melbourne Cup Weekend"]
[Site "Melbourne"]
[Date "2013.11.04"]
[Round "6"]
[White "Kolak, Chris"]
[Black "Solomon, Stephen J"]
[Result "1/2-1/2"]
[WhiteElo "1980"]
[BlackElo "2401"]
[PlyCount "119"]
[EventDate "2013.11.01"]
[EventType "swiss"]
[EventRounds "9"]
[EventCountry "AUS"]
[SourceTitle "OM OTB B 201907"]
[Source "Opening Master"]
[SourceDate "2019.07.06"]
[SourceVersion "2"]
[SourceVersionDate "2019.07.06"]
[SourceQuality "1"]

1. e4 c5 2. Nf3 d6 3. d4 cxd4 4. Nxd4 Nf6 5. Nc3 Nc6 6. Be2 e5 7. Nf3 Be7 8.
O-O O-O 9. Bg5 Be6 10. Qd2 h6 11. Bxf6 Bxf6 12. Rad1 Rc8 13. Nd5 Bxd5 14. Qxd5
Qb6 15. Qb3 Qxb3 16. cxb3 Nd4 17. Nxd4 exd4 18. Bd3 a5 19. a4 Rc5 20. f4 Rfc8
21. g3 Kf8 22. Kg2 Ke7 23. Kf3 Kd8 24. Rfe1 R8c7 25. Rf1 Kd7 26. Rfe1 R7c6 27.
Bb5 Rxb5 28. axb5 Rc5 29. b6 Rb5 30. Rd3 Kc6 31. Rc1+ Kxb6 32. Rc4 Rc5 33. h3
Kb5 34. Rxc5+ dxc5 35. e5 Be7 36. Ke4 Kc6 37. g4 b5 38. Rd1 Bd8 39. f5 Bg5 40.
Ra1 Bd8 41. Rd1 a4 42. bxa4 bxa4 43. e6 fxe6 44. fxe6 Bf6 45. Rd3 Kd6 46. Ra3
c4 47. Rxa4 d3 48. Ke3 Kxe6 49. Rxc4 Bxb2 50. Kxd3 Bf6 51. Ke4 g6 52. Rc6+ Kf7
53. Rc7+ Kg8 54. Kd5 Bg5 55. Ke6 Bh4 56. Kd7 Kf7 57. Kd6+ Kg8 58. Ke6 Bg5 59.
Rc2 Bh4 60. Rc7 1/2-1/2

[Event "Panama op 3rd"]
[Site "Panama City"]
[Date "2013.10.30"]
[Round "1"]
[White "Juarez Flores, Carlos Armando"]
[Black "Gavarrete, Nahun"]
[Result "1/2-1/2"]
[WhiteElo "2404"]
[BlackElo "2120"]
[PlyCount "52"]
[EventDate "2013.10.30"]
[EventType "swiss"]
[EventRounds "9"]
[EventCountry "PAN"]
[SourceTitle "OM OTB B 201907"]
[Source "Opening Master"]
[SourceDate "2019.07.06"]
[SourceVersion "2"]
[SourceVersionDate "2019.07.06"]
[SourceQuality "1"]

1. e4 c5 2. Nf3 Nc6 3. d4 cxd4 4. Nxd4 Nf6 5. Nc3 d6 6. Be2 e5 7. Nb3 h6 8. Bc4
Be7 9. O-O O-O 10. h3 a6 11. a4 b6 12. Be3 Nb4 13. Qd2 Bb7 14. Rfd1 Rc8 15. Be2
d5 16. exd5 Nfxd5 17. Bxh6 gxh6 18. Qxh6 Qe8 19. Bf3 Nxc3 20. Bxb7 Nxd1 21.
Rxd1 Rd8 22. Rxd8 Bxd8 23. c3 Qd7 24. Bf3 e4 25. Bxe4 f5 26. Bf3 Nd3 1/2-1/2

[Event "Zhongshan zt (Women)"]
[Site "Zhongshan"]
[Date "2013.10.29"]
[Round "1"]
[White "Liu, Manli"]
[Black "Li, Xinyu"]
[Result "1-0"]
[WhiteElo "2133"]
[BlackElo "1699"]
[PlyCount "113"]
[EventDate "2013.10.29"]
[EventType "swiss"]
[EventRounds "11"]
[EventCountry "CHN"]
[SourceTitle "OM OTB B 201907"]
[Source "Opening Master"]
[SourceDate "2019.07.06"]
[SourceVersion "2"]
[SourceVersionDate "2019.07.06"]
[SourceQuality "1"]

1. e4 c5 2. Nf3 Nc6 3. d4 cxd4 4. Nxd4 Nf6 5. Nc3 d6 6. Be2 e5 7. Nb3 Be7 8.
O-O O-O 9. Kh1 a5 10. a4 Be6 11. Be3 d5 12. exd5 Nxd5 13. Nxd5 Bxd5 14. c3 f5
15. f4 e4 16. Nc5 Bxc5 17. Bxc5 Rf7 18. Qd2 Rd7 19. Qe3 Qe8 20. Bb6 Qf7 21.
Rfd1 Re7 22. Qc5 Bb3 23. Rd6 Re6 24. Bb5 Rxd6 25. Qxd6 Ne7 26. Bd7 Nc8 27. Bxc8
Rxc8 28. Bxa5 e3 29. Re1 Re8 30. Bb6 e2 31. a5 h6 32. Bd4 Bd5 33. Be5 Bc4 34.
b3 Bxb3 35. Rxe2 Re7 36. Rd2 Be6 37. Qd8+ Kh7 38. Qb6 Rd7 39. Bd4 Bc4 40. h3
Qe6 41. Qxe6 Bxe6 42. Rb2 Bc4 43. Kh2 Kg6 44. g4 fxg4 45. hxg4 Ba6 46. Rb6+ Kf7
47. f5 Rd5 48. Rg6 Rxa5 49. Rxg7+ Kf8 50. Rh7 Ra2+ 51. Kg3 Rd2 52. Rxh6 Bf1 53.
g5 b5 54. Rh8+ Ke7 55. g6 Rg2+ 56. Kf4 Kd7 57. f6 1-0

[Event "EU-Cup 29th"]
[Site "Rhodes"]
[Date "2013.10.25"]
[Round "6.3"]
[White "Pedersen, Jan Rode"]
[Black "Wenner, Tobias"]
[Result "1/2-1/2"]
[WhiteElo "2219"]
[BlackElo "2147"]
[PlyCount "85"]
[EventDate "2013.10.20"]
[EventType "team-swiss"]
[EventRounds "7"]
[EventCountry "GRE"]
[SourceTitle "OM OTB B 201907"]
[Source "Opening Master"]
[SourceDate "2019.07.06"]
[SourceVersion "2"]
[SourceVersionDate "2019.07.06"]
[SourceQuality "1"]

1. e4 c5 2. Nf3 Nc6 3. d4 cxd4 4. Nxd4 Nf6 5. Nc3 d6 6. Be2 e5 7. Nb3 Be7 8.
Be3 O-O 9. O-O a5 10. a4 Be6 11. f4 d5 12. fxe5 Nxe5 13. Bd4 Qb8 14. exd5 Nxd5
15. Nxd5 Bxd5 16. Rf5 Bxb3 17. Bxe5 Qc8 18. Bd3 Be6 19. Rf4 Qc5+ 20. Bd4 Qg5
21. Rf2 Rfd8 22. c3 Bc5 23. Bxc5 Qxc5 24. Qf3 g6 25. Re1 Rd7 26. Bb5 Rd2 27.
Qe3 Qxe3 28. Rxe3 Rad8 29. Rxd2 Rxd2 30. Re2 Rxe2 31. Bxe2 Kg7 32. Kf2 Kf6 33.
Bf3 b6 34. Ke3 Bd7 35. Bd1 Ke5 36. b4 f5 37. g3 g5 38. Kd3 Be6 39. Bf3 f4 40.
gxf4+ gxf4 41. Bc6 Bf5+ 42. Ke2 Be4 43. Bb5 1/2-1/2

[Event "RUS Cup op"]
[Site "Dombai"]
[Date "2013.10.19"]
[Round "2"]
[White "Kostrikina, Anna"]
[Black "Lastin, Alexander"]
[Result "0-1"]
[WhiteElo "2157"]
[BlackElo "2504"]
[PlyCount "66"]
[EventDate "2013.10.18"]
[EventType "swiss"]
[EventRounds "9"]
[EventCountry "RUS"]
[SourceTitle "OM OTB B 201907"]
[Source "Opening Master"]
[SourceDate "2019.07.06"]
[SourceVersion "2"]
[SourceVersionDate "2019.07.06"]
[SourceQuality "1"]

1. e4 c5 2. Nf3 Nc6 3. d4 cxd4 4. Nxd4 Nf6 5. Nc3 d6 6. Be2 e5 7. Nf3 h6 8. O-O
Be7 9. Re1 O-O 10. h3 a6 11. Bf1 b5 12. a4 b4 13. Nd5 Rb8 14. Bc4 a5 15. Qd3
Nxd5 16. Bxd5 Bd7 17. Nd2 Kh8 18. c3 Qc7 19. Nf1 f5 20. exf5 Bxf5 21. Qc4 Rbc8
22. Ng3 Bh7 23. Qg4 bxc3 24. bxc3 Bf6 25. Nh5 Ne7 26. Nxf6 Rxf6 27. c4 Rcf8 28.
Be3 Nxd5 29. cxd5 Bf5 30. Qh5 Be4 31. Bg5 Bg6 32. Qh4 Rf5 33. Rac1 Qb7 0-1

[Event "BEL-chT 1314"]
[Site "Belgium"]
[Date "2013.10.13"]
[Round "3.5"]
[White "Minyeyevtsev, Semen"]
[Black "Alienkin, Aleksander"]
[Result "1/2-1/2"]
[WhiteElo "2203"]
[BlackElo "2387"]
[PlyCount "88"]
[EventDate "2013.09.22"]
[EventType "team-tourn"]
[EventRounds "11"]
[EventCountry "BEL"]
[SourceTitle "OM OTB B 201907"]
[Source "Opening Master"]
[SourceDate "2019.07.06"]
[SourceVersion "2"]
[SourceVersionDate "2019.07.06"]
[SourceQuality "1"]

1. e4 c5 2. Nf3 d6 3. d4 cxd4 4. Nxd4 Nf6 5. Nc3 Nc6 6. Be2 e5 7. Nb3 Be7 8.
O-O O-O 9. Be3 Be6 10. f4 exf4 11. Rxf4 Nd7 12. Qd2 Bg5 13. Rf2 Bxe3 14. Qxe3
Nde5 15. Rd1 Qe7 16. Nd4 Nxd4 17. Qxd4 Rfd8 18. Bb5 a6 19. Ba4 Rac8 20. Bb3 h6
21. Rfd2 Rc6 22. Kh1 Kh7 23. Qf2 Qg5 24. Rf1 Ng4 25. Qf4 Qxf4 26. Rxf4 Ne5 27.
Rf1 Kg8 28. Kg1 Bc4 29. Rfd1 Kf8 30. h3 Be6 31. Kf2 Ke7 32. Nd5+ Bxd5 33. Bxd5
Rc7 34. c3 b5 35. Rd4 Rb8 36. Ke3 a5 37. Kd2 Rbc8 38. Ke3 Rb8 39. Kd2 Nd7 40.
Ke3 Rb6 41. R1d2 Rc8 42. Ke2 h5 43. Kd1 Nc5 44. Re2 Nd7 1/2-1/2